| 000 | 02000nam a22002657a 4500 | ||
|---|---|---|---|
| 005 | 20240305165450.0 | ||
| 007 | cr|||| |||| | ||
| 008 | 170606s2017 mx |||||s|||| 00||0 spa d | ||
| 020 | _a978-607-406-905-1 | ||
| 035 | _a20318 | ||
| 040 | _avLex | ||
| 090 |
_c6755 _d6755 |
||
| 100 | 1 | _aRomán Fuentes, Juan Carlos | |
| 245 | 1 | 0 |
_aEstados financieros básicos 2017 _h[Recurso electrónico] / _cJuan Carlos Román Fuentes |
| 256 | _aServicio en línea | ||
| 260 |
_aMéxico DF: _bEdiciones Fiscales ISEF, _c2017 |
||
| 300 | _a1 recurso electrónico | ||
| 500 | _aEn el contenido de esta obra; ESTADOS FINANCIEROS BASICOS, se realiza un detallado análisis sobre: Conceptos, objetivos, estructura, proceso de elaboración, formas de presentación y normatividad aplicable al estado de situación financiera, estado de resultados integral, al estado de flujos de efectivo, al estado de cambios en el capital contable y a las notas que les son relativas y que forman parte integrante de los mismos, basándose en las Normas de Información Financiera más recientes, que ha emitido el Consejo Mexicano de Normas de Información Financiera ( CINIF) y en los boletines aún vigentes, publicados en su momento por el Instituto Mexicano de Contadores públicos, (IMCP). Además de casos prácticos para cada ESRADO FINANCIERO BASICO, se incluye práctica que ilustra de manera integral, el proceso a seguir para la obtención de la información Financiera, durante un período contable. | ||
| 506 | 1 |
_aDisponible solo en los productos indicados _dvLex Global _dvLex Global (Academic Edition, excluding Law Schools) _dvLex Global (U.S. Academic Edition, Law Schools) _dvLex Global (U.S. Academic Edition, excluding Law Schools) _dvLex Global (Academic Edition, Law Schools) |
|
| 650 | 0 | 4 |
_aDerecho Fiscal _zMéxico |
| 650 | 0 | 4 |
_aFinanciero _zMéxico |
| 740 | 0 | _avLex Libros (Servicio en línea) | |
| 856 | 4 | 0 | _uhttps://app.vlex.com/#/sources/estados-financieros-basicos-2017-20318 |
| 942 | _cRAA | ||
| 999 |
_c165003 _d165003 |
||